Caricaturas en escultura policromada / (Record no. 10121)

000 -CABECERA
fixed length control field 00766nam a22002177a 4500
003 - IDENTIFICADOR DEL NÚMERO DE CONTROL
control field AR-CdUCM
008 - DATOS DE LONGITUD FIJA--INFORMACIÓN GENERAL
fixed length control field 190329b ||||| |||| 00| 0 spa d
040 ## - FUENTE DE LA CATALOGACIÓN
Agencia/entidad que catalogó originalmente la obra MUNICIPALIDAD PROVINCIAL DEL CUSCO
Entidad que transcribió la catalogación BIBLIOTECA MUNICIPAL DEL CUSCO
082 ## - NÚMERO DE LA CLASIFICACIÓN DECIMAL DEWEY
No. de Clasificación 741.8 /
Notacion interna T73 / 1930
100 ## - ENTRADA PRINCIPAL--NOMBRE DE PERSONA
Nombre Personal De la Torre, Amadeo
245 ## - MENCIÓN DE TÍTULO
Título Caricaturas en escultura policromada /
260 ## - PUBLICACIÓN, DISTRIBUCIÓN, ETC.
Lugar de publicación, distribución, etc. Lima :
Nombre de la editorial, distribuidor, etc. Alzedo,
Fecha de publicación, distribución, etc. 1930
300 ## - DESCRIPCIÓN FÍSICA
Nº de Páginas Extensión 51 páginas ;
Dimensiones 25 cm.
440 ## - MENCIÓN DE SERIE/PUNTO DE ACCESO ADICIONAL--TÍTULO
Título Caricaturas en escultura policromada
Número de la parte/sección de una obra 1
9 (RLIN) 26789
505 ## - NOTA DE CONTENIDO CON FORMATO
Nota de contenido formateada Contenido : Florence la cocina ideal en todo hogar -- Roberto Malaga pintor decorador -- Electrolux -- Caricaturas ...
650 ## - PUNTO DE ACCESO ADICIONAL DE MATERIA--TÉRMINO DE MATERIA
Descriptor Pintura
9 (RLIN) 3081
650 ## - PUNTO DE ACCESO ADICIONAL DE MATERIA--TÉRMINO DE MATERIA
Descriptor Caricatura
9 (RLIN) 26790
650 ## - PUNTO DE ACCESO ADICIONAL DE MATERIA--TÉRMINO DE MATERIA
Descriptor Escultura
9 (RLIN) 13152
942 ## - ELEMENTOS DE PUNTO DE ACCESO ADICIONAL (KOHA)
Fuente de clasificación
Tipo de item Libros-BMC
945 ## - PROCESAMIENTO DE INFORMACIÓN LOCAL (OCLC)
Catalogador rah
Holdings
Estado de retiro (separado) Fuente de clasificación o esquema de estanterías Estado dañado Ubicación Sala donde se ubica Nombre de la colección Fecha de adquisición o compra Costo, precio normal en soles Signatura topográfica Código de Barras Última vez visto (Koha) Tipo de ítem (Koha)
No     Sala Cusco Antiguo Sala Cusco Antiguo Book Cart 2019-03-29 15.00 741.8 / T73 / 1930 SCA0000624 2019-03-29 Libros-BMC

Powered by Koha